| 000 | 00382nam a2200145 a 4500 | ||
|---|---|---|---|
| 001 | 000029229 | ||
| 005 | 20200930055419.0 | ||
| 008 | 110414s1992 dr 000 0 spa d | ||
| 040 |
_aDO-SdBNP _bspa _cBNPHU |
||
| 082 |
_axxxx _bV648 |
||
| 245 | 0 | 0 | _aVida. |
| 260 |
_aSanto Domingo : _bLa pastoral juvenil : _bCasa de la Juventud, _c1992. |
||
| 300 |
_a51 p. ; _c22 cm. |
||
| 049 | _aBNPD | ||
| 999 |
_c28721 _d28721 |
||